Contemporary advertising /

Salvato in:
Dettagli Bibliografici
Autori principali: Bovée, Courtland L (Autore), Arens, William F (Autore)
Natura: Libro
Lingua:inglese
Pubblicazione: Homewood : IRWIN, 1992
Edizione:4.vyd.
Tags: Aggiungi Tag
Nessun Tag, puoi essere il primo ad aggiungerne!!

MARC

LEADER 00000nam a22000003a 4500
001 stu29993
005 20150617225738.2
008 951213s1992----xxu-----------------eng-d
020 |a 0-256-09196-X 
040 |a STU  |b slo 
041 0 |a eng 
044 |a xxu 
080 |a 659.1 
100 1 |a Bovée, Courtland L  |4 aut 
245 1 |a Contemporary advertising /  |c [aut]Bovée,Courtland L.;Arens,William F 
250 |a 4.vyd. 
260 |a Homewood :  |b IRWIN,  |c 1992 
300 |a 31,718 s 
700 1 |a Arens, William F  |4 aut 
996 |b 284V026846  |c V*43694/O-18994  |l VVT  |s A  |a 24  |w stu29993_0001